Designing metrics: crafting balanced measures for managing performance
محفوظ في:
| المؤلف الرئيسي: | |
|---|---|
| التنسيق: | كتاب |
| اللغة: | الإنجليزية |
| منشور في: |
Dallas
Measurement International
2007
|
| الموضوعات: | |
| الوسوم: |
إضافة وسم
لا توجد وسوم, كن أول من يضع وسما على هذه التسجيلة!
|
MARC
| LEADER | 00000cam a2200000 a 4500 | ||
|---|---|---|---|
| 001 | UCF7154 | ||
| 003 | CL-VaPUC | ||
| 008 | 130613e20070000US |||||||||||||||||eng|d | ||
| 020 | |a 9780970247124 | ||
| 082 | 0 | 4 | |a 658.47 |b FRO |2 21 |
| 100 | 0 | |a Frost, Bob |e author |9 569139 | |
| 245 | 1 | 0 | |a Designing metrics: crafting balanced measures for managing performance |
| 300 | |a 79 p | ||
| 942 | |c BK | ||
| 945 | |d 20130613 00:00:00 |a dcastane | ||
| 260 | |a Dallas |b Measurement International |c 2007 | ||
| 650 | 0 | |a Riesgo |9 256420 | |
| 650 | 0 | |a Riesgo financiero |9 366193 | |
| 650 | 0 | |a Toma de decisiones |9 257530 | |
| 583 | |a last modification |c 20130613 14:21:00 |k Rodrigo Vera | ||
| 999 | |c 352073 |d 352071 | ||
| 952 | |0 0 |1 0 |4 0 |6 658_470000000000000_FRO_2007 |7 0 |8 A |9 456603 |a BIBING |b BIBING |d 2019-11-22 |i 4978668 |o 658.47 FRO 2007 |p 4978668 |r 2025-01-20 |w 2019-11-22 |y BK |k EII | ||